The Simpsons - Special Guests by Picture #1 - Statistics

General Stats
  • This quiz has been taken 413 times
  • The average score is 7 of 16
Answer Stats
Picture Answer % Correct
Stephen Hawking
90%
Stan Lee
84%
"Weird" Al Yankovic
76%
Jay Leno
64%
Magic Johnson
61%
Mick Jagger
60%
Willie Nelson
47%
Tom Jones
38%
Lucy Lawless
36%
Bob Hope
33%
Justin Timberlake
31%
Jerry Springer
29%
Adam West
26%
James Taylor
26%
Ozzie Smith
15%
Pierce Brosnan
12%
No matching quizzes found
Score Distribution
Percent of People with Each Score
Percentile by Number Answered
Your Score History
You have not taken this quiz